| 000 | 00567nam a2200169 a 4500 | ||
|---|---|---|---|
| 082 |
_a923.1 _bSIN _cL-38, P-103 |
||
| 100 | 1 |
_a Singh, Jaswant. _945914 |
|
| 245 | 1 |
_aJinnah: _bIndia -- Partition -- Independence. _c Singh, Jaswant. |
|
| 260 |
_aNew Delhi: _bRupa and Co., _c2009. |
||
| 300 | _a669p. : ill. | ||
| 526 |
_a0 _b0 _c0 _d923_100000000000000_SIN |
||
| 650 |
_aIndia -- History -- Partition, 1947. _945915 |
||
| 650 |
_aMCE _9379 |
||
| 650 |
_aPakistan Movement. _9203 |
||
| 650 | 0 |
_aJinnah, Muhammad Ali, 1876-1948 -- Political Views. _945916 |
|
| 942 |
_2ddc _cBK |
||
| 999 |
_c549314 _d549314 |
||